000 01160nam a22002537a 4500
005 20100315102214.0
008 100315t xxu||||| |||| 00| 0 hin d
010 _aHIN-89146
020 _c120.00
035 _aHN-61492
037 _bDBAD / PUB / लेखिका
040 _aDPL
_bHN
082 _a
100 _aप्रसाद, शकुन्तला
_917230
245 _aजूझते एहसास /
_cशकुन्तला प्रसाद
246 _aJujhatai ehasas/
_bby Shakuntala Prsad
260 _aनई दिल्ली
_bशकुन्तला प्रसाद
_c2009
270 _a223, हेमकुंट चैम्बर्स, 89 नेहरू प्लेस
_bनई दिल्ली
_e110019
_k30821260
300 _a144पृ
_c22सेमी (अजिल्द)
650 _aलघु कथाएं, हिन्दी
_91159
650 _aShort stories, hindi
_917231
942 _2ddc
_cHN
_mप्रसाद
999 _c34684
_d34684